Sports Quiz

Random Sports or World Cup Quiz

One of Two: World Cup Edition Quiz Stats

 Plays Quiz Updated Aug 8, 2018

Challenge
Share
Tweet
Embed
Score 0/20 Timer 04:00
10 Plays Today
Can you name... Answers % Correct
One of the two North American countries to have hosted the World Cup?Mexico and the United States
99.2%
One of the two Brazilian players with more than 10 career World Cup goals?Pelé and Ronaldo
94.6%
One of the two countries to lose the World Cup final match on their home turf?Brazil and Sweden
90.6%
One of two countries to have lost the World Cup final 3 or more times?Germany and the Netherlands
88.3%
One of the two television networks broadcasting the 2014 World Cup in England?BBC and ITV
83.5%
One of the two countries to have lost the World Cup in a shootout?France and Italy
83.3%
One of two non-European countries to host the World Cup twice?Brazil and Mexico
81.1%
One of the two Argentine players to win the Golden Ball award and a championship?Mario Kempes and Diego Maradona
80.3%
One of the two television networks broadcasting the 2014 World Cup in English in the United States?ESPN and ABC
79.6%
One of two countries to host the 2002 World Cup?South Korea and Japan
77.2%
Can you name... Answers % Correct
One of two Americans to score 2 or more goals in one of the last two World Cups?Landon Donovan and Clint Dempsey
76.3%
One of two countries to have 10 or more appearances but never to have gone past the quarterfinals?Mexico and Switzerland
64.8%
One of two players to score in two different World Cup finals for the winning team?Pelé and Vavá
63.7%
One of two federations never to have a member finish in the top 4?CAF and OFC
56%
One of two countries to have successfully defended a World Cup title?Brazil and Italy
50.3%
One of two countries to have made more than 15 attempts without ever qualifying for a World Cup?Finland and Luxembourg
26.2%
One of two countries to finish in 3rd place in their debut appearance since 1934?Croatia and Portugal
21.9%
One of two players to have scored more than 10 goals in a single World Cup?Just Fontaine and Sándor Kocsis
21.3%
One of two countries to have been eliminated in the 1st round in 5 consecutive World Cups?Mexico and Scotland
18%
One of two U.S. players named to a World Cup All-Star team?Bert Patenaude and Claudio Reyna
7%

You're not logged in!

Compare scores with friends on all Sporcle quizzes.
OR
Log In

You Might Also Like...

Show Comments

Extras

Top Quizzes Today


Score Distribution

Your Account Isn't Verified!

In order to create a playlist on Sporcle, you need to verify the email address you used during registration. Go to your Sporcle Settings to finish the process.

Report this User

Report this user for behavior that violates our Community Guidelines.

Details: